| 000 | 00563nam a2200193Ia 4500 | ||
|---|---|---|---|
| 003 | GCL | ||
| 008 | 140319s9999 xx 000 0 eng d | ||
| 040 |
_aGCL / _cGCL |
||
| 082 | 0 | 4 |
_a512.3 _bS F |
| 100 | 1 | _aSHIUE, PETER JOU-SHYONG | |
| 245 | 1 | 0 |
_aFINITE FIELDS, CODING THEORY AND ADVANCES IN COMUNICATIONS AND COMPUTING / _cSHIUE, PETER JOU-SHYONG |
| 700 | 1 | _aMULLEN, GROY | |
| 260 |
_a[S.N] : _bMORCEL DEKKER, INC. ، _c1993 |
||
| 300 | _a441 P | ||
| 650 | 0 | 4 | _aCODING THEORY |
| 650 | 0 | 4 | _aCONGRESSES |
| 650 | 0 | 4 | _aFINITE FIELDS(ALGEBRA) |
| 942 |
_2ddc _cBK |
||
| 999 |
_c18145 _d18145 |
||